| 000 | 01492cam a2200349 a 4500 | ||
|---|---|---|---|
| 001 | EDZ0000064283 | ||
| 003 | StDuBDS | ||
| 005 | 20161031105111.0 | ||
| 006 | m||||||||d|||||||| | ||
| 007 | cr ||||||||||| | ||
| 008 | 120327s2003 enk fo| 001|0|eng d | ||
| 020 |
_a9781446220863 (ebook) : _cNo price |
||
| 040 |
_aStDuBDS _beng _cStDuBDS _epn |
||
| 049 | _aAlfaisal Main Library | ||
| 050 | 0 |
_aHF5686.C7 _bH54 2003 |
|
| 082 | 0 | 4 |
_a658.1512 _223 |
| 100 | 1 |
_aHigson, Andrew, _d1958- |
|
| 245 | 1 | 0 |
_aCorporate financial reporting _h[electronic resource] : _btheory and practice / _cAndrew Higson. |
| 260 |
_aLondon : _bSAGE, _cc2003. |
||
| 300 | _a1 online resource (xii, 228 p.) | ||
| 504 | _aIncludes bibliographical references and index. | ||
| 520 | 8 | _aThe Internet bubble has collapsed and the largest bankruptcy in US history, Enron, has made the call for greater transparency in financial reporting more important than ever. Andrew Higson draws attention to what is a 'true and fair view' in reporting and critically examines accounting theory and modern practice. | |
| 521 | _aSpecialized. | ||
| 588 | _aDescription based on print version record. | ||
| 650 | 0 | _aCorporation reports. | |
| 650 | 0 |
_aCorporations _xAccounting. |
|
| 655 | 7 |
_aElectronic books. _2local |
|
| 710 | 2 | _aSage eBooks | |
| 776 | 0 | 8 |
_iPrint version : _z9780761971412 |
| 856 | 4 | 0 | _uhttp://ezproxy.alfaisal.edu/login?url=http://sk.sagepub.com/books/corporate-financial-reporting |
| 942 |
_2lcc _cEBOOKS |
||
| 999 |
_c479321 _d479321 |
||